[Event "Cappelle op 29th"]
[Site "Cappelle la Grande"]
[Date "2013.02.23"]
[Round "1"]
[White "Bray, Daniel Jose Freire"]
[Black "Maillard, Julien"]
[Result "1-0"]
[WhiteElo "2078"]
[BlackElo "1889"]
[PlyCount "29"]
[EventDate "2013.02.23"]
[EventType "swiss"]
[EventRounds "9"]
[EventCountry "FRA"]
[SourceTitle "CBM 153 Extra"]
[Source "ChessBase"]
[SourceDate "2013.04.22"]
[SourceVersion "1"]
[SourceVersionDate "2013.04.22"]
[SourceQuality "1"]

1. Nf3 Nc6 2. c4 e5 3. Nc3 Nf6 4. g3 Bc5 5. Bg2 d6 6. 0-0 0-0 7. h3 Be6 8. d3 Qd7 9. Kh2 h6 10. Qa4 g5 11. Nd2 d5 12. cxd5 Bxd5 13. Nxd5 Nxd5 14. Qc4 Bxf2 15. Qxd5 1-0